Stony the road : reconstruction, white supremacy, and the rise of Jim Crow

Guardat en:
Dades bibliogràfiques
Autor principal: GATES, Henry Louis
Format: Llibre
Idioma:anglès
Publicat: Penguin Press 2019
Etiquetes: Afegir etiqueta
Sense etiquetes, Sigues el primer a etiquetar aquest registre!

MARC

LEADER 00000nam a22000007a 4500
008 231204b |||||||| |||| 00| 0 eng d
020 |a 9780525559535 
100 |a GATES, Henry Louis 
245 |a Stony the road   |b  : reconstruction, white supremacy, and the rise of Jim Crow  |c / Henry Louis Gates  |g xxii, 296p;ill 
260 |b Penguin Press  |c 2019  |h New York  |i 700716  |m African Americans- Segregation - History  |m Reconstruction (U.S history-1865-1877)  |m African Americans -History -1865-1877  |m African Americans -History - 1877-1964  |m White Supremacy movements-United States-History  |m Racism in popular culture -United States-History  |m Visual communication - Social aspects -United States - History  |m United States- Race relations- History 19th century  |m United States -Race relations - History- 2oth century 
500 |a it includes references and index 
942 |a lcc  |c BK  |e Johnson  |f 04/12/23 
952 |0 0  |1 0  |2 lcc  |4 0  |6 E018561 G22  |7 0  |9 4665  |a HOL  |b HOL  |c AF  |d 2023-12-04  |l 0  |o E185.61.G22  |p 2023-0580  |r 2023-12-04 00:00:00  |t 700716  |w 2023-12-04  |y BK 
999 |c 2339  |d 2339